Geometry Dash Top 150 Demons of April 10, 2026 - Statistics

General Stats
  • This quiz has been taken 109 times
  • The average score is 38 of 150
Answer Stats
Rank Level % Correct
147 Thinking Space
98%
3 Amethyst
94%
1 Thinking Space II
94%
4 Tidal Wave
94%
2 Flamewall
92%
8 BOOBAWAMBA
88%
5 ORBIT
86%
6 Nullscapes
84%
10 andromeda
80%
9 Every End
80%
7 Quanteuse Processing
78%
16 Acheron
76%
24 Slaughterhouse
76%
12 Silent Clubstep
75%
15 Avernus
71%
13 Anathema
63%
54 LIMBO
63%
11 Subsuming Vortex
61%
30 Sakupen Circles
59%
82 Tartarus
57%
132 Zodiac
57%
14 Ashley Wave Trials
53%
18 Menace
51%
19 Abyss of Darkness
49%
20 Defeated Circles
49%
36 Firework
49%
81 Sonic Wave Infinity
49%
22 Kyouki
47%
41 Saul Goodman
45%
17 Spectre
43%
25 KOCMOC
41%
62 walter white
41%
26 Based After Based
39%
92 The Golden
39%
39 poocubed
37%
27 The Lightning Rod
37%
37 Silentlocked
35%
21 Tunnel of Despair
35%
28 CHIL
33%
57 Codependence
33%
31 Deimos
33%
117 Kenos
33%
105 limbo but uwu ig idk
31%
32 Eyes in the Water
27%
78 arcturus
24%
51 Edge of Destiny
24%
149 Renevant
24%
52 Solar Flare
24%
23 Subterminal Point
24%
45 Apocalyptic Trilogy
22%
44 MINUSdry
22%
93 Oblivion
22%
94 Viprin UFO
22%
33 Voltage
22%
56 Belladonna
20%
79 Diabolic ClubStep
20%
55 Gaggatrondra
20%
34 KOSETSU
20%
59 Mayhem
20%
70 ORDINARY
20%
42 The Salt Factory
20%
35 Through the Gates
20%
99 ATOMIC CANNON Mk III
18%
80 BEELINE
18%
48 COMBUSTION
18%
43 CONVULSION
18%
49 Deadlier Clubstep
18%
53 The Catacombs
18%
47 The Hallucination
18%
68 The Yangire
18%
115 Trueffet
18%
96 Verdant Landscape
18%
84 Waterfall
18%
73 Wavterminal
18%
29 zorin
18%
89 BPATA MPAKA
16%
101 Checked Steam
16%
131 Crackhead Circles
16%
65 Damascus
16%
86 Jigsaw
16%
46 Sevvend Clubstep
16%
74 Sinister SIlence
16%
143 Cold Sweat
14%
102 Critical Heat
14%
40 Snowbound
14%
61 The Plunge
14%
98 UNKNOWN
14%
76 Cimmerian Shade
12%
69 Climax
12%
83 Coalescence
12%
104 Crystal Crusher
12%
148 Dry Out Copyable 2
12%
106 Graceful
12%
128 Hard Machine
12%
75 Midnight
12%
38 NOMAD
12%
77 PSYCHOPATH
12%
67 SARYYX NEVER CLEAR
12%
100 Shukketsu
12%
91 Terminal Rampancy
12%
66 Decks Dark
10%
88 Delta
10%
130 Goober Rage Stage
10%
90 Natural Disaster
10%
50 Stellar Night
10%
126 Swing Swing
10%
85 THE JET ENGINE
10%
110 Aerial Gleam
8%
58 Collapse
8%
144 Frost Spirit
8%
114 Henken
8%
63 Infinite Chaos
8%
138 Lithium
8%
72 Loops of Fury
8%
133 Lotus Flower
8%
95 NETWORK
8%
146 Promethean
8%
145 Ascent
6%
60 CHROMACAVE
6%
119 chrome hearts
6%
150 ConClusion
6%
122 Destruction 19
6%
129 DISSONANCE
6%
118 Fragile
6%
127 Guideless Goobering
6%
139 Keres
6%
124 NEUTRA
6%
64 Operation Evolution
6%
123 Time Lapse
6%
71 TrakineS
6%
137 Widestep
6%
135 Axinie
4%
111 DISCONNECT
4%
142 in this
4%
120 Starlight Summit
4%
108 The Paroxysm of Rage
4%
87 The Wonder of You
4%
112 VOID
4%
103 WOBBLING MACHINE
4%
125 Dark Dimension
2%
121 Esfera
2%
141 Galeforce
2%
140 IRIS
2%
136 Judgement Knights
2%
97 Levigo
2%
134 Scream Machine
2%
113 Starlit Stroll
2%
116 azure blast
0%
109 Blood Echo
0%
107 paranoia
0%
No matching quizzes found
Score Distribution
Percent of People with Each Score
Percentile by Number Answered
Your Score History
You have not taken this quiz